| 000 | 02414cab a2200289 a 4500 | ||
|---|---|---|---|
| 005 | 20240530063831.0 | ||
| 008 | 991125c2020 ec fr p o 000 0 spa d | ||
| 035 | _aUPN01000235946 | ||
| 040 |
_aMX-MxUPN _bspa _eaacr2 _cMX-MxUPN |
||
| 049 | _aART-E | ||
| 100 | 1 |
_aObregón-Sierra, Ángel _946569 |
|
| 100 | 1 |
_aGonzález-Fernández, Natalia _946572 |
|
| 245 | 0 | 0 |
_aWikipedia en las facultades de educación españolas. La visión de los estudiantes universitarios _h[recurso electrónico en línea] |
| 506 | 0 | _aAcceso abierto | |
| 520 | 3 | _aDesde los comienzos del siglo XXI se ha constatado un cambio en la forma que tienen las personas de conectarse a Internet, que interactúan más con los creadores de las páginas web y dedican más horas a conectarse a varias herramientas que se han denominado Web 2.0, como las redes sociales, los wikis y los blogs. Uno de los wikis más conocidos es la Wikipedia, enciclopedia en línea libre editada colaborativamente por usuarios de todo el mundo. En esta investigación hemos aplicado un cuestionario en línea diseñado ad hoc para constatar si los estudiantes universitarios españoles usan esta herramienta, si la conocen y si la conceden importancia de cara a sus estudios. Los resultados han sido obtenidos tras la cumplimentación de 1173 cuestionarios por parte de estudiantes universitarios de Educación en toda España. Los alumnos afirman usar mucho las redes sociales, los documentos en línea y la Wikipedia. Solo un 5,4% de los encuestados indicó que no utiliza esta herramienta. Aseguran conocer su funcionamiento, y tan solo un 1,74% admitió desconocerla totalmente. Sin embargo, no la dan mucha importancia para sus estudios, como al resto de herramientas de la Web 2.0. Además, la mayoría sabe que pueden editar en ella, pero no se ven capaces de aportar información, por lo que el número de editores es muy bajo. | |
| 650 | 4 |
_aEducación superior _932 |
|
| 653 | 0 | _aWIKIPEDIA | |
| 653 | 0 | _aWIKIS | |
| 653 | 0 | _aESTUDIANTES UNIVERSITARIOS | |
| 653 | 0 | _aTRABAJO COLABORATIVO | |
| 773 |
_gVol. 15, no. 2 (2020) p. 218-228 _t Alteridad : revista de educación _x1390-8642 |
||
| 856 | 4 | _uhttps://alteridad.ups.edu.ec/index.php/alteridad/issue/view/173 | |
| 856 | 4 |
_uhttps://doi.org/10.17163/alt.v15n2.2020.06 _zConsultar articulo completo |
|
| 902 |
_aGloriaJiménez _bGloriaJiménez/210922 |
||
| 905 | _aArticulo | ||
| 942 | _cART-E | ||
| 999 |
_c208041 _d208041 |
||